000 00603nam a22002177a 4500
005 20170124110047.0
010 _aA-258273
020 _c250.00
_a0585493080
035 _aA-258273
037 _bCen Lib/Ret
040 _aDPL
_bEN
082 _a880.9
_bKEI
100 _aKeith, W.J.
_924737
245 _aCanadian literature in english /
_cby W.J. Keith
260 _aLondon
_bLongman
_c1985
270 _bLondon
300 _a287p.
_c20cm(Hb)
500 _aIncludes index
650 _aCanadian literature
_xhistory and criticism
_924738
942 _2ddc
_cEN
_h880.9
_mKEI
999 _c128890
_d128890